Books That are Movies - Statistics

General Stats
  • This quiz has been taken 79 times
  • The average score is 8 of 11
Answer Stats
Picture Answer % Correct
Jurassic Park
94%
Forrest Gump
92%
The Shining
89%
Lord Of the Rings: The Fellowship of the Ring
88%
The Godfather
88%
The Wizard of Oz
88%
Willy Wonka and the Chocolate Factory
71%
The Shawshank Redemption
67%
The Princess Bride
62%
One Flew Over the Cuckoo's Nest
56%
Harry Potter and the Chamber of Secrets
53%
No matching quizzes found
Score Distribution
Percent of People with Each Score
Percentile by Number Answered
Your Score History
You have not taken this quiz